000 00494nam a2200157 i 4500
001 46239
003 ES-MaACL
005 20230906161340.0
007 t|
008 030328m19701971mx ||||1| spa d
245 0 0 _aCompilación alfabética semanario judicial de la Federación
_b: sexta época : cuarta parte : ejecutorias de la Tercera Sala.
250 _a1ª ed.
260 _aMéxico, D.F. :
_bCárdenas,
_c1970-71.
300 _a2 v. ;
_c24 cm.
852 _aES-MaACL
_jE-9209-10
_bR.93954
999 _c46239
_d46239